[Event "Junior Online 4NCL Division 2"]
[Site "online"]
[Date "2020.09.17"]
[Round "3.92"]
[White "Wang, Yile"]
[Black "Laza, Andrei"]
[Result "0-1"]
[WhiteElo "1195"]
[BlackElo "1292"]
[PlyCount "104"]
[EventDate "2020.09.17"]
[WhiteTeam "Ojays F"]
[BlackTeam "Harrow Juniors C"]

1. e4 e5 2. Nf3 Nc6 3. Bc4 Bc5 4. c3 Nf6 5. d4 exd4 6. e5 Ng4 7. cxd4 Bb4+ 8.
Nc3 d6 9. a3 Bxc3+ 10. bxc3 h6 11. Bf4 dxe5 12. dxe5 Qxd1+ 13. Rxd1 g5 14. Bg3
f6 15. e6 Nge5 16. Nxe5 Nxe5 17. O-O Nxc4 18. Rfe1 Ne5 19. Bxe5 fxe5 20. Rxe5
Ke7 21. Rde1 Rf8 22. f3 b6 23. Kf2 Bb7 24. g3 Rad8 25. R1e3 Rd5 26. R3e4 Rd2+
27. Re2 Rxf3+ 28. Ke1 Rxe2+ 29. Kxe2 Rxc3 30. a4 Rc4 31. a5 Re4+ 32. Rxe4 Bxe4
33. axb6 cxb6 34. Kd2 Kxe6 35. Kc3 Kd5 36. Kb4 a6 37. Ka4 Kc5 38. Ka3 a5 39.
Kb3 b5 40. Kc3 b4+ 41. Kb3 Bd5+ 42. Kb2 a4 43. Kc2 Kc4 44. Kb2 Be4 45. Ka2 a3
46. Ka1 Bf3 47. Kb1 b3 48. Kc1 Kc3 49. Kb1 Be4+ 50. Ka1 b2+ 51. Ka2 b1=Q+ 52.
Kxa3 Qb3# 0-1

[Event "Junior Online 4NCL Division 2"]
[Site "online"]
[Date "2020.09.17"]
[Round "3.95"]
[White "Terrado, Rhianne"]
[Black "Benhamou, Nathan"]
[Result "1-0"]
[WhiteElo "1202"]
[BlackElo "1322"]
[PlyCount "61"]
[EventDate "2020.09.17"]
[WhiteTeam "Ojays F"]
[BlackTeam "Harrow Juniors C"]

1. e4 e5 2. Bc4 Bc5 3. Qh5 Qf6 4. Bxf7+ Qxf7 5. Qxe5+ Qe7 6. Qh5+ g6 7. Qf3 Nf6
8. d3 d6 9. Bg5 Rf8 10. Bh6 Nfd7 11. Bxf8 Nxf8 12. Qd1 Qf6 13. Nf3 Qxb2 14.
Nbd2 Bg4 15. Nc4 Bb4+ 16. Kf1 Bc5 17. Nxb2 Ba3 18. Nc4 Bc5 19. h3 Bxf3 20. Qxf3
Bd4 21. Re1 Bc3 22. Re2 Ne6 23. Qg4 Kd7 24. e5 Nc6 25. exd6 Re8 26. dxc7 Kxc7
27. Qg3+ Kd7 28. Qd6+ Kc8 29. Rxe6 Bb4 30. Rxe8+ Nd8 31. Qxd8# 1-0

[Event "Junior Online 4NCL Division 2"]
[Site "online"]
[Date "2020.09.17"]
[Round "3.96"]
[White "Laza, Andrei"]
[Black "Wang, Yile"]
[Result "1-0"]
[WhiteElo "1292"]
[BlackElo "1195"]
[PlyCount "75"]
[EventDate "2020.09.17"]
[WhiteTeam "Harrow Juniors C"]
[BlackTeam "Ojays F"]

1. e4 e5 2. Nf3 Nc6 3. Nc3 Nf6 4. Bb5 a6 5. Bxc6 dxc6 6. Nxe5 Bc5 7. d3 Qd4 8.
Be3 Qxe5 9. d4 Bxd4 10. Bxd4 Qd6 11. Bxf6 gxf6 12. Qxd6 cxd6 13. O-O-O Ke7 14.
h3 Rg8 15. g4 Be6 16. f3 Rad8 17. f4 b5 18. Rd2 d5 19. f5 d4 20. fxe6 dxc3 21.
Rxd8 Rxd8 22. exf7 Kxf7 23. bxc3 c5 24. Rd1 Re8 25. Re1 Kg6 26. Kd2 Kg5 27. Ke3
h5 28. gxh5 Kxh5 29. Rf1 Kg5 30. Rf5+ Kg6 31. Rxc5 Re6 32. Kf4 Kf7 33. Kf5 Rd6
34. Rc7+ Ke8 35. c4 b4 36. c5 Rd2 37. Ke6 Rxc2 38. Rc8# 1-0

[Event "Junior Online 4NCL Division 2"]
[Site "online"]
[Date "2020.09.17"]
[Round "3.101"]
[White "Gauri, Dhairye"]
[Black "Wang, Yong Gui"]
[Result "0-1"]
[WhiteElo "1510"]
[BlackElo "1592"]
[PlyCount "44"]
[EventDate "2020.09.17"]
[WhiteTeam "Uxbridge Juniors A"]
[BlackTeam "KJCA Young Kestrels D"]

1. e4 e5 2. Nf3 Nc6 3. Bc4 Bc5 4. Nc3 Nf6 5. O-O O-O 6. d3 h6 7. Be3 Bb6 8. Nd5
Nxd5 9. exd5 Ne7 10. Nxe5 d6 11. Bxb6 dxe5 12. Bc5 b6 13. Ba3 Re8 14. Qe2 Nxd5
15. Qf3 Bb7 16. Qg3 Nf4 17. f3 Ne2+ 18. Kh1 Nxg3+ 19. hxg3 Qg5 20. f4 Qxg3 21.
Bxf7+ Kh8 22. Rg1 Qh4# 0-1

[Event "Junior Online 4NCL Division 2"]
[Site "online"]
[Date "2020.09.17"]
[Round "3.102"]
[White "Shkuratovskyi, Artemiy"]
[Black "Bhat, Advay"]
[Result "1-0"]
[WhiteElo "1532"]
[BlackElo "1285"]
[PlyCount "155"]
[EventDate "2020.09.17"]
[WhiteTeam "KJCA Young Kestrels D"]
[BlackTeam "Uxbridge Juniors A"]

1. e4 e5 2. Nf3 Nc6 3. Bb5 d6 4. Nc3 Bd7 5. Bxc6 Bxc6 6. d4 Nf6 7. d5 Bd7 8.
Bg5 Be7 9. Bxf6 Bxf6 10. h3 O-O 11. O-O Re8 12. Ne2 Bb5 13. Rc1 Bg5 14. Nxg5
Qxg5 15. c4 Bd7 16. Ng3 Rf8 17. Qb3 b6 18. Qe3 Qg6 19. b3 f5 20. exf5 Bxf5 21.
Nxf5 Rxf5 22. Qe4 Raf8 23. g4 R5f6 24. Qxg6 hxg6 25. Kg2 Kh7 26. b4 a5 27. a3
g5 28. bxa5 bxa5 29. Rb1 Rf3 30. Rb7 Rxa3 31. Rxc7 a4 32. Rd7 Rc8 33. Rxd6 Rxc4
34. Re6 e4 35. d6 Rd4 36. d7 Rxd7 37. Rxe4 Rdd3 38. Re5 Rxh3 39. Rxg5 Rab3 40.
Ra5 a3 41. f3 Rh6 42. Ra1 Rb2+ 43. Kg3 a2 44. R1xa2 Rxa2 45. Rxa2 g5 46. Ra7+
Kg6 47. Ra6+ Kh7 48. Rxh6+ Kxh6 49. f4 Kg6 50. f5+ Kf6 51. Kf3 Ke5 52. Ke3 Kf6
53. Ke4 Kf7 54. Ke5 Kg7 55. f6+ Kf7 56. Kf5 Kf8 57. Kxg5 Kf7 58. Kh6 Kg8 59.
f7+ Kxf7 60. g5 Kg8 61. Kg6 Kf8 62. Kh7 Kf7 63. g6+ Kf8 64. g7+ Kf7 65. g8=Q+
Kf6 66. Kh6 Ke5 67. Qf7 Ke4 68. Kg5 Ke5 69. Qe7+ Kd5 70. Kf4 Kc6 71. Qd8 Kb5
72. Ke4 Kc6 73. Ke5 Kb7 74. Kd5 Ka6 75. Qb8 Ka5 76. Kc4 Ka6 77. Kc5 Ka5 78.
Qb5# 1-0

[Event "Junior Online 4NCL Division 2"]
[Site "online"]
[Date "2020.09.17"]
[Round "3.103"]
[White "Das, Devorshi"]
[Black "Mann, Lev"]
[Result "0-1"]
[WhiteElo "1127"]
[BlackElo "1510"]
[PlyCount "138"]
[EventDate "2020.09.17"]
[WhiteTeam "Uxbridge Juniors A"]
[BlackTeam "KJCA Young Kestrels D"]

1. e4 e5 2. Nf3 Nf6 3. Nxe5 d6 4. Nf3 Nxe4 5. d3 Nf6 6. Nc3 Be7 7. Be2 O-O 8.
O-O d5 9. d4 Re8 10. Bg5 h6 11. Bh4 Nc6 12. Qd3 Ne4 13. Nxe4 Bxh4 14. Nxh4 dxe4
15. Qg3 Nxd4 16. Bd1 Be6 17. c3 Nc6 18. Bc2 Bc4 19. Rfe1 Bd3 20. Bxd3 Qxd3 21.
Qxd3 exd3 22. Rxe8+ Rxe8 23. Rd1 Re2 24. h3 Rxb2 25. Rxd3 Rxa2 26. Rd7 Ra1+ 27.
Kh2 Rc1 28. Rxc7 Rxc3 29. Rxb7 a5 30. Nf3 a4 31. Rb1 a3 32. Ra1 Nb4 33. Nd4 a2
34. Nb5 Rb3 35. Nd4 Rb1 36. Nc2 Nxc2 37. Rxa2 Nb4 38. Ra8+ Kh7 39. Ra5 Nd3 40.
Kg3 Rb2 41. Rf5 Kg6 42. Rd5 Nxf2 43. Rd6+ f6 44. Rd4 Kf5 45. Rf4+ Ke5 46. Rxf2
Rxf2 47. Kxf2 Ke4 48. Kg3 g5 49. Kg4 Ke3 50. g3 Kf2 51. h4 Ke3 52. hxg5 hxg5
53. Kf5 Kf3 54. g4 Kg3 55. Kxf6 Kxg4 56. Ke5 Kf3 57. Kf5 g4 58. Ke5 g3 59. Kd4
g2 60. Kd3 g1=Q 61. Kc4 Qe3 62. Kd5 Qe4+ 63. Kc5 Qd3 64. Kb4 Qc2 65. Ka3 Qb1
66. Ka4 Ke4 67. Ka5 Kd5 68. Ka6 Kc6 69. Ka5 Qb5# 0-1

[Event "Junior Online 4NCL Division 2"]
[Site "online"]
[Date "2020.09.17"]
[Round "3.104"]
[White "Nguyen, Ryan"]
[Black "Jebananthan, Jeshan"]
[Result "0-1"]
[WhiteElo "1540"]
[BlackElo "1060"]
[PlyCount "102"]
[EventDate "2020.09.17"]
[WhiteTeam "KJCA Young Kestrels D"]
[BlackTeam "Uxbridge Juniors A"]

1. e4 e5 2. Nf3 Nc6 3. Bc4 Bc5 4. c3 Nf6 5. d4 exd4 6. cxd4 Bb4+ 7. Nc3 Nxe4 8.
O-O Bxc3 9. d5 Ne5 10. bxc3 Nxc4 11. Qd4 O-O 12. Qxe4 Nd6 13. Qd3 Qf6 14. Bg5
Qg6 15. Qxg6 fxg6 16. Be7 Rf5 17. Bxd6 cxd6 18. c4 b6 19. Rac1 Ba6 20. Nd4 Rff8
21. Rfe1 Rac8 22. Nb5 Bxb5 23. cxb5 Kf7 24. f3 Rfe8 25. Kf1 Rxe1+ 26. Rxe1 Rc5
27. a4 Rxd5 28. Rc1 Rc5 29. Rd1 Ke7 30. Rd4 d5 31. Kf2 Rc4 32. Rxc4 dxc4 33.
Ke3 g5 34. Kd4 d5 35. g3 Kf6 36. h3 Ke6 37. g4 Kd6 38. Kc3 Kc5 39. Kc2 d4 40.
Kd2 Kb4 41. Kc2 d3+ 42. Kd2 Kb3 43. Kd1 c3 44. Kc1 d2+ 45. Kd1 Kb2 46. Ke2 Kc1
47. Kd3 c2 48. Kc3 d1=Q 49. Kb3 Kb1 50. Ka3 c1=Q+ 51. Kb4 Qc5# 0-1

[Event "Junior Online 4NCL Division 2"]
[Site "online"]
[Date "2020.09.17"]
[Round "3.105"]
[White "Wang, Yong Gui"]
[Black "Gauri, Dhairye"]
[Result "1-0"]
[WhiteElo "1592"]
[BlackElo "1510"]
[PlyCount "53"]
[EventDate "2020.09.17"]
[WhiteTeam "KJCA Young Kestrels D"]
[BlackTeam "Uxbridge Juniors A"]

1. d4 Nf6 2. c4 e6 3. Nc3 Bb4 4. e3 Ne4 5. Qc2 Nxc3 6. bxc3 Be7 7. Bd3 d5 8.
cxd5 Qxd5 9. Nf3 Nc6 10. O-O e5 11. c4 Qd6 12. c5 Qd5 13. Be4 Qe6 14. d5 Nb4
15. dxe6 Nxc2 16. exf7+ Kxf7 17. Bxc2 b6 18. Nxe5+ Ke8 19. Ba4+ Kf8 20. Ba3
bxc5 21. Rac1 Be6 22. Bxc5 Bxc5 23. Rxc5 Bxa2 24. Nd7+ Ke7 25. Re5+ Kd6 26.
Rd1+ Bd5 27. Rdxd5# 1-0

[Event "Junior Online 4NCL Division 2"]
[Site "online"]
[Date "2020.09.17"]
[Round "3.106"]
[White "Bhat, Advay"]
[Black "Shkuratovskyi, Artemiy"]
[Result "1-0"]
[WhiteElo "1285"]
[BlackElo "1532"]
[PlyCount "121"]
[EventDate "2020.09.17"]
[WhiteTeam "Uxbridge Juniors A"]
[BlackTeam "KJCA Young Kestrels D"]

1. e4 d5 2. exd5 Qxd5 3. Nc3 Qa5 4. Nf3 Bg4 5. Be2 Nf6 6. h3 Bxf3 7. Bxf3 c6 8.
d4 Nbd7 9. Be3 e6 10. Qd3 Bd6 11. Bd2 Qc7 12. O-O-O Nb6 13. g4 Nbd5 14. Nxd5
Nxd5 15. Bxd5 cxd5 16. Qb5+ Qc6 17. Qxc6+ bxc6 18. Rde1 Kf8 19. a3 Ke7 20. Bb4
Bxb4 21. axb4 Rhb8 22. c3 a5 23. bxa5 Rxa5 24. b4 Ra3 25. Kb2 Rba8 26. Ra1 Rxa1
27. Rxa1 Rxa1 28. Kxa1 h6 29. Ka2 Kd7 30. Ka3 Kc7 31. Ka4 Kb6 32. f4 f6 33. h4
g6 34. g5 hxg5 35. hxg5 fxg5 36. fxg5 Ka6 37. Kb3 Kb5 38. Ka3 Kc4 39. Kb2 Kd3
40. Kb3 Kd2 41. c4 dxc4+ 42. Kxc4 Ke3 43. Kc5 Ke4 44. Kxc6 Kxd4 45. b5 e5 46.
b6 e4 47. b7 e3 48. b8=Q e2 49. Qb1 Ke3 50. Qe1 Kf4 51. Qxe2 Kxg5 52. Qg2+ Kf5
53. Qf3+ Kg5 54. Qg3+ Kh5 55. Kd5 g5 56. Ke4 Kg6 57. Kf3 Kf5 58. Kg2 g4 59.
Qf2+ Kg5 60. Qe3+ Kh4 61. Qh6# 1-0

[Event "Junior Online 4NCL Division 2"]
[Site "online"]
[Date "2020.09.17"]
[Round "3.107"]
[White "Mann, Lev"]
[Black "Das, Devorshi"]
[Result "1-0"]
[WhiteElo "1510"]
[BlackElo "1127"]
[PlyCount "51"]
[EventDate "2020.09.17"]
[WhiteTeam "KJCA Young Kestrels D"]
[BlackTeam "Uxbridge Juniors A"]

1. e4 e5 2. Nf3 Nc6 3. Bc4 Be7 4. d4 exd4 5. Nxd4 d6 6. Nxc6 bxc6 7. Bf4 Nf6 8.
e5 dxe5 9. Qxd8+ Kxd8 10. Bxe5 Bd6 11. Bxf6+ gxf6 12. Bxf7 Bd7 13. Nc3 Rb8 14.
O-O-O Be5 15. Be6 Bxc3 16. Rxd7+ Ke8 17. bxc3 Rf8 18. Re1 Rh8 19. Bf5+ Kf8 20.
Ree7 Rg8 21. Rf7+ Ke8 22. g3 Rb7 23. Bxh7 Rh8 24. Bg6 Rxh2 25. Rh7+ Kf8 26.
Rd8# 1-0

[Event "Junior Online 4NCL Division 2"]
[Site "online"]
[Date "2020.09.17"]
[Round "3.108"]
[White "Jebananthan, Jeshan"]
[Black "Nguyen, Ryan"]
[Result "0-1"]
[WhiteElo "1060"]
[BlackElo "1540"]
[PlyCount "120"]
[EventDate "2020.09.17"]
[WhiteTeam "Uxbridge Juniors A"]
[BlackTeam "KJCA Young Kestrels D"]

1. e4 c5 2. Nf3 d6 3. d4 cxd4 4. Nxd4 Nf6 5. Nc3 g6 6. f3 Bg7 7. Be3 Nc6 8. Qd2
O-O 9. O-O-O Nxd4 10. Bxd4 Qa5 11. Kb1 Be6 12. Nd5 Qxd2 13. Nxe7+ Kh8 14. Rxd2
Rfe8 15. Bxf6 Bxf6 16. Nd5 Bg5 17. Rd4 Rac8 18. Bb5 Red8 19. Bc4 Bxd5 20. Bxd5
Bf6 21. Ra4 Rd7 22. Rxa7 Rc5 23. c4 Rcc7 24. Ra8+ Kg7 25. Rd1 Be5 26. a4 Bxh2
27. a5 Be5 28. Kc2 Kf6 29. b4 Ke7 30. f4 Bg7 31. Kb3 Bh6 32. g3 f5 33. Rh1 Bg7
34. exf5 gxf5 35. Re1+ Kf6 36. Re6+ Kf7 37. Rh6+ Ke7 38. Re6+ Kf7 39. Rg8 Re7
40. Rh6+ Re6 41. Bxe6+ Ke7 42. c5 Bxh6 43. Bxf5 dxc5 44. Rh8 c4+ 45. Ka4 Kd6
46. Rd8+ Ke7 47. Rd4 c3 48. b5 c2 49. Bxc2 Rxc2 50. a6 bxa6 51. bxa6 Ra2+ 52.
Kb5 Bg7 53. Kb6 Bxd4+ 54. Kb7 Kd6 55. a7 Rxa7+ 56. Kc8 Rg7 57. f5 Bf6 58. g4 h6
59. Kb8 Kc6 60. Kc8 Rg8# 0-1

[Event "Junior Online 4NCL Division 2"]
[Site "online"]
[Date "2020.09.17"]
[Round "3.111"]
[White "Chadha, Ishaan"]
[Black "Xu, Albert"]
[Result "0-1"]
[WhiteElo "1142"]
[BlackElo "1450"]
[PlyCount "68"]
[EventDate "2020.09.17"]
[WhiteTeam "Watford Juniors C"]
[BlackTeam "Cambridge Chess & Go B"]

1. e4 e5 2. Nf3 Nc6 3. Nc3 Nf6 4. Bc4 Bc5 5. d3 h6 6. Be3 Bxe3 7. fxe3 O-O 8.
d4 d6 9. Qd3 Bd7 10. O-O-O Nb4 11. Qd2 exd4 12. Nxd4 Bg4 13. Rdf1 Re8 14. a3
Nc6 15. h3 Bd7 16. Re1 Nxe4 17. Nxe4 Rxe4 18. Qd3 Re8 19. Ref1 Ne5 20. Qe2 Nxc4
21. Qxc4 Be6 22. Nxe6 Rxe6 23. Qf4 Qe7 24. Re1 Re8 25. Kd2 d5 26. Rhf1 d4 27.
Qxd4 Rd6 28. Kd1 Rxd4+ 29. exd4 Qd7 30. Kc1 Rxe1+ 31. Rxe1 Qxd4 32. Re2 Qf4+
33. Rd2 Kf8 34. Kd1 Qf1# 0-1

[Event "Junior Online 4NCL Division 2"]
[Site "online"]
[Date "2020.09.17"]
[Round "3.112"]
[White "Xu, Jiarui"]
[Black "Demyan, Leo"]
[Result "1-0"]
[WhiteElo "1412"]
[BlackElo "1180"]
[PlyCount "79"]
[EventDate "2020.09.17"]
[WhiteTeam "Cambridge Chess & Go B"]
[BlackTeam "Watford Juniors C"]

1. e4 e5 2. Nf3 Nc6 3. Bc4 Nh6 4. d3 f6 5. Be3 Nf7 6. O-O Bd6 7. Nc3 Bb4 8. Nd5
Be7 9. Nxe7 Qxe7 10. a3 O-O 11. h3 d6 12. Qd2 Be6 13. Bb5 Bd7 14. Bc4 Be6 15.
Bd5 Ncd8 16. Bxe6 Nxe6 17. Rac1 Rac8 18. c3 b6 19. d4 Rcd8 20. d5 Nc5 21. Bxc5
dxc5 22. Qe3 Rd6 23. b4 cxb4 24. cxb4 Rc8 25. Rc6 Rxc6 26. dxc6 Rd8 27. Qb3 Rd6
28. Qc3 Nd8 29. b5 Re6 30. Rd1 Nf7 31. Rd7 Qe8 32. Rxc7 Nd8 33. Rc8 Qe7 34. c7
Qd7 35. Rxd8+ Qxd8 36. cxd8=Q+ Kf7 37. Qcc7+ Kg6 38. Nh4+ Kg5 39. Qxg7+ Kf4 40.
Qg4# 1-0

[Event "Junior Online 4NCL Division 2"]
[Site "online"]
[Date "2020.09.17"]
[Round "3.113"]
[White "Shah, Prem"]
[Black "Yuan, Derek"]
[Result "1-0"]
[WhiteElo "1157"]
[BlackElo "1390"]
[PlyCount "61"]
[EventDate "2020.09.17"]
[WhiteTeam "Watford Juniors C"]
[BlackTeam "Cambridge Chess & Go B"]

1. e4 e5 2. f4 Nc6 3. Nf3 Bc5 4. Nc3 d6 5. Bc4 Nf6 6. d3 O-O 7. fxe5 dxe5 8.
Bg5 h6 9. Bxf6 Qxf6 10. Qd2 a6 11. O-O-O b5 12. Bd5 Bb7 13. Rhf1 Rfb8 14. Nd4
Qd6 15. Bxf7+ Kh7 16. Nf5 g6 17. Nxd6 cxd6 18. Rf6 Rf8 19. Bxg6+ Kg7 20. Rxf8
Rxf8 21. Bf5 Ne7 22. Be6 Ng6 23. Nd5 Bxd5 24. Bxd5 Bb6 25. Qe2 Rf2 26. Qg4 Be3+
27. Kb1 Kf6 28. Qe6+ Kg5 29. h3 Nf4 30. Qg8+ Kh4 31. Qg4# 1-0

[Event "Junior Online 4NCL Division 2"]
[Site "online"]
[Date "2020.09.17"]
[Round "3.114"]
[White "Lee, Isaac"]
[Black "Arora, Aarav"]
[Result "0-1"]
[WhiteElo "1219"]
[BlackElo "1060"]
[PlyCount "116"]
[EventDate "2020.09.17"]
[WhiteTeam "Cambridge Chess & Go B"]
[BlackTeam "Watford Juniors C"]

1. e4 e5 2. Nf3 Nc6 3. d4 exd4 4. Nxd4 Nxd4 5. Qxd4 c5 6. Qd1 d6 7. Bb5+ Bd7 8.
Bxd7+ Qxd7 9. Nc3 Nf6 10. O-O Be7 11. Bf4 O-O 12. Re1 b5 13. a3 Rab8 14. b4 c4
15. e5 dxe5 16. Bxe5 Qxd1 17. Raxd1 Ng4 18. Bxb8 Bf6 19. Bd6 Bxc3 20. Bxf8 Bxe1
21. Rxe1 Kxf8 22. c3 Nf6 23. f4 Nd5 24. Rc1 Nxf4 25. Kf2 Nd3+ 26. Ke2 Nxc1+ 27.
Kd2 Nb3+ 28. Kc2 Ke7 29. Kb2 Ke6 30. Kc2 Ke5 31. Kd1 Ke4 32. Ke2 Nc1+ 33. Kd2
Nb3+ 34. Ke2 a6 35. g3 f6 36. h3 g5 37. h4 gxh4 38. gxh4 Kf4 39. Kf2 Kg4 40.
Ke3 Kxh4 41. Ke4 Kg5 42. Kd5 h5 43. Kc6 h4 44. Kb6 h3 45. Kxa6 h2 46. Kxb5 h1=Q
47. Kxc4 Nd2+ 48. Kb5 Qd5+ 49. Ka4 Qb3+ 50. Kb5 f5 51. a4 f4 52. a5 f3 53. a6
f2 54. a7 f1=Q+ 55. Ka5 Qa3+ 56. Kb6 Qf6+ 57. Kb5 Qxa7 58. c4 Qfb6# 0-1

[Event "Junior Online 4NCL Division 2"]
[Site "online"]
[Date "2020.09.17"]
[Round "3.115"]
[White "Xu, Albert"]
[Black "Chadha, Ishaan"]
[Result "1-0"]
[WhiteElo "1450"]
[BlackElo "1142"]
[PlyCount "37"]
[EventDate "2020.09.17"]
[WhiteTeam "Cambridge Chess & Go B"]
[BlackTeam "Watford Juniors C"]

1. e4 d6 2. d4 Nf6 3. Nc3 Nbd7 4. Nf3 e5 5. d5 c6 6. Bc4 Qc7 7. Bg5 b6 8. Bxf6
Nxf6 9. dxc6 Qxc6 10. Bb5 Qxb5 11. Nxb5 Bg4 12. Nc7+ Kd7 13. Nxa8 Nxe4 14.
Nxe5+ Kd8 15. Nxg4 Be7 16. Qf3 Ng5 17. Qc6 Bf6 18. Qxd6+ Ke8 19. Nc7# 1-0

[Event "Junior Online 4NCL Division 2"]
[Site "online"]
[Date "2020.09.17"]
[Round "3.116"]
[White "Demyan, Leo"]
[Black "Xu, Jiarui"]
[Result "1-0"]
[WhiteElo "1180"]
[BlackElo "1412"]
[PlyCount "71"]
[EventDate "2020.09.17"]
[WhiteTeam "Watford Juniors C"]
[BlackTeam "Cambridge Chess & Go B"]

1. d4 Nf6 2. Nc3 d5 3. Bg5 h6 4. Bf4 a6 5. Nf3 Bf5 6. e3 e6 7. Bd3 Be4 8. Be2
Bg6 9. Be5 Be7 10. Bxf6 Bxf6 11. O-O Nc6 12. Bd3 Bxd3 13. Qxd3 Nb4 14. Qd2 Nc6
15. a3 O-O 16. Rfb1 Qd7 17. b4 b5 18. g3 Rfb8 19. Ne1 a5 20. bxa5 Nxa5 21. a4
Nc4 22. Qd3 bxa4 23. Rxb8+ Rxb8 24. Nxa4 Nb2 25. Nxb2 Rxb2 26. Ra8+ Bd8 27. Nf3
Kf8 28. Ne5 Qd6 29. Qh7 f6 30. Ng6+ Kf7 31. c3 Rb3 32. Nf4 Rxc3 33. Qg6+ Kf8
34. Nxe6+ Qxe6 35. Rxd8+ Ke7 36. Qe8# 1-0

[Event "Junior Online 4NCL Division 2"]
[Site "online"]
[Date "2020.09.17"]
[Round "3.117"]
[White "Yuan, Derek"]
[Black "Shah, Prem"]
[Result "0-1"]
[WhiteElo "1390"]
[BlackElo "1157"]
[PlyCount "42"]
[EventDate "2020.09.17"]
[WhiteTeam "Cambridge Chess & Go B"]
[BlackTeam "Watford Juniors C"]

1. e4 c6 2. d4 d5 3. Nf3 Bg4 4. Nc3 e6 5. h3 Bxf3 6. Qxf3 Bd6 7. exd5 exd5 8.
Qe3+ Ne7 9. Be2 O-O 10. O-O Re8 11. Qg3 Bxg3 12. fxg3 b6 13. Bf4 Nf5 14. h4
Nxd4 15. Bg5 f6 16. Rfe1 fxg5 17. hxg5 Nxc2 18. Nxd5 Nxe1 19. Rxe1 Qxd5 20. Kf2
Qd4+ 21. Kf3 Rf8# 0-1

[Event "Junior Online 4NCL Division 2"]
[Site "online"]
[Date "2020.09.17"]
[Round "3.118"]
[White "Arora, Aarav"]
[Black "Lee, Isaac"]
[Result "0-1"]
[WhiteElo "1060"]
[BlackElo "1219"]
[PlyCount "78"]
[EventDate "2020.09.17"]
[WhiteTeam "Watford Juniors C"]
[BlackTeam "Cambridge Chess & Go B"]

1. e4 e5 2. Nf3 Nc6 3. Bc4 Bc5 4. Nc3 Nf6 5. O-O O-O 6. h3 d6 7. d3 h6 8. Be3
Bb6 9. Na4 Be6 10. Bb3 Ne7 11. Nxb6 axb6 12. d4 exd4 13. Nxd4 Bxb3 14. axb3
Rxa1 15. Qxa1 Nxe4 16. c4 c6 17. Qa7 Qa8 18. Ra1 Qb8 19. Nf3 c5 20. Qxb8 Rxb8
21. Ra7 Nc6 22. Ra1 Rd8 23. Kf1 d5 24. Ke2 d4 25. Bf4 d3+ 26. Ke3 Nf6 27. Bc7
Rd7 28. Bxb6 Nb4 29. Kd2 Ne4+ 30. Kd1 Nxf2+ 31. Ke1 Ne4 32. Nd2 Nc2+ 33. Kd1
Nxd2 34. Ra8+ Kh7 35. Kxd2 Nd4 36. Bxc5 Nxb3+ 37. Kc3 Nxc5 38. Kd2 Ne4+ 39. Ke3
d2 0-1

[Event "Junior Online 4NCL Division 2"]
[Site "online"]
[Date "2020.09.17"]
[Round "3.121"]
[White "Wang, Nathaniel"]
[Black "Li, Ethan"]
[Result "0-1"]
[WhiteElo "1262"]
[BlackElo "1840"]
[PlyCount "70"]
[EventDate "2020.09.17"]
[WhiteTeam "Robin Hoods 3"]
[BlackTeam "May The Fork Be With You 1"]

1. e4 c5 2. d4 cxd4 3. c3 dxc3 4. Nxc3 e6 5. Nf3 Nc6 6. e5 d6 7. Bc4 Nxe5 8.
Nxe5 dxe5 9. Qxd8+ Kxd8 10. O-O Bc5 11. Re1 f6 12. b3 a6 13. Rd1+ Kc7 14. b4
Bxb4 15. Ne4 b5 16. Bb3 Bb7 17. Ng3 Ne7 18. Bxe6 Rhd8 19. Be3 Rxd1+ 20. Rxd1
Bc6 21. Rc1 Kb7 22. f4 e4 23. Ne2 g6 24. h3 Rd8 25. g4 Bd2 26. Bxd2 Rxd2 27.
Ng3 e3 28. f5 Rg2+ 29. Kh1 Rxg3+ 30. Kh2 Rg2+ 31. Kh1 Rc2+ 32. Kg1 Rxc1+ 33.
Kh2 e2 34. g5 e1=Q 35. gxf6 Qg1# 0-1

[Event "Junior Online 4NCL Division 2"]
[Site "online"]
[Date "2020.09.17"]
[Round "3.122"]
[White "Yedid, Lior"]
[Black "Ying, Alexander"]
[Result "1-0"]
[WhiteElo "1532"]
[BlackElo "1187"]
[PlyCount "49"]
[EventDate "2020.09.17"]
[WhiteTeam "May The Fork Be With You 1"]
[BlackTeam "Robin Hoods 3"]

1. e4 e5 2. f4 exf4 3. Nf3 Nc6 4. d4 Be7 5. Bb5 a6 6. Bxc6 dxc6 7. Bxf4 Be6 8.
O-O Nf6 9. e5 Nd5 10. Bg3 O-O 11. Qd3 c5 12. c3 cxd4 13. Nxd4 f6 14. Nxe6 c5
15. Nxd8 Raxd8 16. Qc4 Rf7 17. Rd1 Ne3 18. Rxd8+ Bxd8 19. Qxc5 Nc2 20. Qc8 Nxa1
21. Qxd8+ Rf8 22. Qd5+ Rf7 23. e6 Rf8 24. e7+ Kh8 25. exf8=Q# 1-0

[Event "Junior Online 4NCL Division 2"]
[Site "online"]
[Date "2020.09.17"]
[Round "3.123"]
[White "Asensio, Tomas"]
[Black "Salussolia, Louis"]
[Result "0-1"]
[WhiteElo "1007"]
[BlackElo "1427"]
[PlyCount "52"]
[EventDate "2020.09.17"]
[WhiteTeam "Robin Hoods 3"]
[BlackTeam "May The Fork Be With You 1"]

1. d4 e6 2. Nc3 Nf6 3. Bf4 Bb4 4. e3 Nd5 5. Qd2 Bxc3 6. bxc3 Nxf4 7. exf4 O-O
8. Bd3 Nc6 9. Nf3 f5 10. O-O Rf6 11. Ne5 Nxe5 12. fxe5 Rh6 13. Rab1 b6 14. Be2
Bb7 15. a4 Qh4 16. h3 Rg6 17. Qe3 Rxg2+ 18. Kh1 Rxf2+ 19. Kg1 Rg2+ 20. Kh1
Rxe2+ 21. Kg1 Rg2+ 22. Kh1 Rxc2+ 23. Kg1 Rg2+ 24. Kh1 Re2+ 25. Kg1 Rxe3 26. a5
Qg3# 0-1

[Event "Junior Online 4NCL Division 2"]
[Site "online"]
[Date "2020.09.17"]
[Round "3.124"]
[White "Barbier-Ramaiah, Riya Aude"]
[Black "Stoyanov, Boris"]
[Result "1-0"]
[WhiteElo "1427"]
[BlackElo "775"]
[PlyCount "85"]
[EventDate "2020.09.17"]
[WhiteTeam "May The Fork Be With You 1"]
[BlackTeam "Robin Hoods 3"]

1. e4 e5 2. Nf3 Nc6 3. d4 d6 4. Bb5 Bd7 5. Bxc6 Bxc6 6. dxe5 Bxe4 7. exd6 cxd6
8. O-O Nf6 9. Re1 d5 10. Bg5 Bb4 11. c3 Bd6 12. Bxf6 Qxf6 13. Qxd5 O-O-O 14.
Qxe4 Rhe8 15. Qc4+ Kb8 16. Nbd2 Qh6 17. Qxf7 Rf8 18. Qc4 Rf4 19. Qb5 a6 20. Qg5
Qf6 21. Qxf6 Rxf6 22. Rad1 Rh6 23. Nc4 b5 24. Nxd6 Rdxd6 25. Rxd6 Rxd6 26. g3
g5 27. Re8+ Kc7 28. Re7+ Kc6 29. Rxh7 g4 30. Ne5+ Kd5 31. Nxg4 Ke4 32. Re7+ Kf3
33. Ne5+ Ke4 34. Nf7+ Kf3 35. Nxd6 Kg4 36. h4 Kh3 37. h5 Kg4 38. h6 Kg5 39. h7
Kg6 40. h8=Q Kg5 41. Qe5+ Kg6 42. Qf5+ Kh6 43. Rh7# 1-0

[Event "Junior Online 4NCL Division 2"]
[Site "online"]
[Date "2020.09.17"]
[Round "3.125"]
[White "Li, Ethan"]
[Black "Wang, Nathaniel"]
[Result "1-0"]
[WhiteElo "1840"]
[BlackElo "1262"]
[PlyCount "61"]
[EventDate "2020.09.17"]
[WhiteTeam "May The Fork Be With You 1"]
[BlackTeam "Robin Hoods 3"]

1. e4 c5 2. Nf3 d6 3. d4 cxd4 4. Nxd4 Nf6 5. Bc4 g6 6. Nc3 Bg7 7. Be3 O-O 8. f3
e5 9. Nde2 Nc6 10. Bg5 Qc7 11. Bxf6 Bxf6 12. Bd5 Re8 13. Qd2 Be6 14. h4 h5 15.
Bxe6 Rxe6 16. Nd5 Qe7 17. Nxe7+ Rxe7 18. Qxd6 Bg7 19. O-O-O Bh6+ 20. Kb1 b5 21.
Qxc6 Rb8 22. Ng3 Reb7 23. Nf5 Bf4 24. g4 hxg4 25. fxg4 gxf5 26. gxf5 Kf8 27. h5
Rb6 28. Qc5+ Ke8 29. h6 b4 30. h7 R8b7 31. h8=R# 1-0

[Event "Junior Online 4NCL Division 2"]
[Site "online"]
[Date "2020.09.17"]
[Round "3.126"]
[White "Ying, Alexander"]
[Black "Yedid, Lior"]
[Result "0-1"]
[WhiteElo "1187"]
[BlackElo "1532"]
[PlyCount "82"]
[EventDate "2020.09.17"]
[WhiteTeam "Robin Hoods 3"]
[BlackTeam "May The Fork Be With You 1"]

1. e4 c5 2. Nc3 Nc6 3. Bc4 e6 4. Nf3 Nf6 5. d3 Be7 6. Be3 O-O 7. d4 cxd4 8.
Bxd4 Bb4 9. Qd2 Nxe4 10. Qd3 Nxd4 11. Nxd4 Nc5 12. a3 Nxd3+ 13. Bxd3 Qa5 14.
axb4 Qxa1+ 15. Nd1 Qxb2 16. Nxb2 a5 17. bxa5 Rxa5 18. Nc4 Ra1+ 19. Ke2 Rxh1 20.
h3 d5 21. Nd6 Rd8 22. Nxc8 Rxc8 23. Nb5 Rb1 24. Nd6 Rc6 25. c3 Rxd6 26. Bxb1
Rc6 27. Ba2 Rxc3 28. Kd2 Ra3 29. Bb1 Rb3 30. Kc2 Rxb1 31. Kxb1 Kf8 32. Kb2 Ke7
33. Kb3 Kd6 34. Kb4 d4 35. Kb5 d3 36. Kb6 d2 37. Kxb7 d1=Q 38. f4 Qb3+ 39. Kc8
Qc4+ 40. Kd8 Qc7+ 41. Ke8 Qe7# 0-1